000 00279nam a2200109Ia 4500
008 200302s9999 xx 000 0 und d
100 _aLaxmi Devi
245 _aStrategic Planning for Rural Development
260 _bAnmol Publication Pvt. Ltd.
260 _c1997
300 _a260 P.,
999 _c5514
_d5514